00527pam a2200193 a 4500020002200000040000800022041000800030082002600038245003700064260005200101300002100153500005700174650002000231650002000251700001800271700002000289942000700309999001700316 a1880656167 (pbk.) cDLC1 hjpn00a895 STO 1995 A095 Or.00aOther side river :bfree verse / aBerkeley, Calif. :bStone Bridge Press,cc1995. a244 p. ;c19 cm. a"The Rock Spring collection of Japanese literature." 0aJapanese poetry 0aJapanese poetry1 aLowitz, Leza.1 aAoyama, Miyuki. cEK c13544d13544